<?xml version='1.0' encoding='UTF-8'?>
  <record xmlns="http://www.loc.gov/MARC21/slim">
    <leader>00000cam a2200000Mi 4500</leader>
    <controlfield tag="001">ocm69212148</controlfield>
    <controlfield tag="003">OCoLC</controlfield>
    <controlfield tag="005">20250723035023.4</controlfield>
    <controlfield tag="008">941208s1879    ne            000 0 dut d</controlfield>
    <datafield tag="040" ind1=" " ind2=" ">
      <subfield code="a">NLGGC</subfield>
      <subfield code="b">dut</subfield>
      <subfield code="e">fobidrtb</subfield>
      <subfield code="c">NLGGC</subfield>
      <subfield code="d">OCLCO</subfield>
      <subfield code="d">OCLCL</subfield>
    </datafield>
    <datafield tag="029" ind1="0" ind2=" ">
      <subfield code="a">NLGGC</subfield>
      <subfield code="b">125304986</subfield>
    </datafield>
    <datafield tag="035" ind1=" " ind2=" ">
      <subfield code="a">(OCoLC)69212148</subfield>
    </datafield>
    <datafield tag="082" ind1="0" ind2="4">
      <subfield code="a">610</subfield>
      <subfield code="1">https://id.oclc.org/worldcat/ddc/E38rVRdwMt9CXDhRf7Y3vwdYRm</subfield>
    </datafield>
    <datafield tag="245" ind1="0" ind2="0">
      <subfield code="a">Catalogus van de bibliotheek van wijlen Franz Wilhelm Rive, dokter in de geneeskunde te Amsterdam :</subfield>
      <subfield code="b">ten geschenke gegeven door zijne echtgenoote Mevrouw de Wed. M.B.A. Rive, geb. Fuchs /</subfield>
      <subfield code="c">[door J.F. van Someren].</subfield>
    </datafield>
    <datafield tag="260" ind1=" " ind2=" ">
      <subfield code="a">Amsterdam :</subfield>
      <subfield code="b">Stads-Drukkerij,</subfield>
      <subfield code="c">1879.</subfield>
    </datafield>
    <datafield tag="300" ind1=" " ind2=" ">
      <subfield code="a">IV, 59 p. ;</subfield>
      <subfield code="c">in-8.</subfield>
    </datafield>
    <datafield tag="336" ind1=" " ind2=" ">
      <subfield code="a">tekst</subfield>
      <subfield code="b">txt</subfield>
      <subfield code="2">rdacontent/dut</subfield>
    </datafield>
    <datafield tag="337" ind1=" " ind2=" ">
      <subfield code="a">zonder medium</subfield>
      <subfield code="b">n</subfield>
      <subfield code="2">rdamedia/dut</subfield>
    </datafield>
    <datafield tag="338" ind1=" " ind2=" ">
      <subfield code="a">band</subfield>
      <subfield code="b">nc</subfield>
      <subfield code="2">rdacarrier/dut</subfield>
    </datafield>
    <datafield tag="500" ind1=" " ind2=" ">
      <subfield code="a">Systematisch geordend; met alfabetisch register.</subfield>
    </datafield>
    <datafield tag="530" ind1=" " ind2=" ">
      <subfield code="a">Ook beschikbaar in microvorm.</subfield>
    </datafield>
    <datafield tag="600" ind1="1" ind2="4">
      <subfield code="a">Rive, Franz Wilhelm</subfield>
      <subfield code="q">(Franciscus Guilielmus)</subfield>
      <subfield code="0">(NL-LeOCL)20249022X</subfield>
    </datafield>
    <datafield tag="700" ind1="1" ind2=" ">
      <subfield code="a">Someren, J.F. van</subfield>
      <subfield code="q">(Jan Frederik),</subfield>
      <subfield code="d">1852-1930.</subfield>
      <subfield code="1">https://id.oclc.org/worldcat/entity/E39PBJr3vCRPTprwYBF8dP8Qv3</subfield>
    </datafield>
    <datafield tag="700" ind1="1" ind2=" ">
      <subfield code="a">Rive, Franz Wilhelm</subfield>
      <subfield code="q">(Franciscus Guilielmus)</subfield>
      <subfield code="1">https://id.oclc.org/worldcat/entity/E39PCjKXm9crMHqfMc4wHQC333</subfield>
    </datafield>
    <datafield tag="700" ind1="1" ind2=" ">
      <subfield code="a">Rive-Fuchs, M.B.A.</subfield>
    </datafield>
    <datafield tag="758" ind1=" " ind2=" ">
      <subfield code="a">Catalogus van de bibliotheek van wijlen Franz Wilhelm Rive, dokter in de geneeskunde te Amsterdam (Text)</subfield>
      <subfield code="1">https://id.oclc.org/worldcat/entity/E39PCFx44HQ6kJtG7rDdJxPgmm</subfield>
      <subfield code="4">https://id.oclc.org/worldcat/ontology/hasWork</subfield>
    </datafield>
  </record>